00371 2200157 4500001002100000005001500021035002000036245003800056100001500094300001200109260003700121082000800158084001400166020002100180990001200201INLIS00000000000176920250505032149 a0010-05250000611 aBidadari Untuk Dewa /cAsma Nadia0 aAsma Nadia a528 hlm aCirebon :bKMO Publishing,c2017 a813 a813 ASM b a978-602-50441-06 a0754598